Annuaire de la provincie de Madagascar : Catalogus provinciae Madecassensis societatis Jesu

שמור ב:
מידע ביבליוגרפי
פורמט: ספר
נושאים:
תגים: הוספת תג
אין תגיות, היה/י הראשונ/ה לתייג את הרשומה!

MARC

LEADER 00000nam^a2200000^u^4500
001 000546603
005 20250521000000.0
008 060220s1000^^^^^^^^^^^^r^^^^^000^0^spa^d
009 20260310131413.101
035 |a FMI 000016256 
037 |a Acervo Xavier Clavigero 
096 |a 3.3/69/E 
245 0 0 |a Annuaire de la provincie de Madagascar : Catalogus provinciae Madecassensis societatis Jesu 
264 |a s.l. : s.e, 1997 
300 |a 58 p. 
336 |a texto  |b txt  |2 rdacontenido 
337 |a sin mediación  |b n  |2 rdamedio 
338 |a volumen  |b nc  |2 rdasoporte 
649 |a XX 
650 |a JESUITAS -- MADAGASCAR 2.HIATORIA DE LA COMPAÑIA DE JESUS 
910 |a Fondo Francisco Migoya Covarrubias S.J. 
920 |a Impresos - Libros 
930 |a Fondos Especiales 
905 |a 134 
901 |a SBC23062  |b IT2  |c ESP  |u 20250521 
902 |a https://opac.biblio.iteso.mx/vufind/Record/000546603